[Event "Aragon-chT Honor Titulo"]
[Site "Aragon"]
[Date "2023.04.01"]
[Round "10.1"]
[White "Hinojar Basa, Alfonso"]
[Black "Adla, Diego Gustavo"]
[Result "1/2-1/2"]
[WhiteElo "2164"]
[BlackElo "2400"]
[PlyCount "71"]
[EventDate "2023.03.18"]
[EventType "team-tourn"]
[EventRounds "10"]
[EventCountry "ESP"]
[SourceTitle "EXT 2024"]
[Source "ChessBase"]
[SourceDate "2023.10.10"]
[SourceVersion "1"]
[SourceVersionDate "2023.10.10"]
[SourceQuality "1"]
[WhiteTeam "Marcos Frechin"]
[BlackTeam "Casablanca MyInvestor"]
[WhiteTeamCountry "ESP"]
[BlackTeamCountry "ESP"]

1. e4 e5 2. Nf3 Nc6 3. Bc4 Nf6 4. d3 Bc5 5. 0-0 0-0 6. h3 d6 7. c3 a5 8. Re1 h6 9. Nbd2 Be6 10. Bb5 Nd7 11. Nf1 d5 12. exd5 Bxd5 13. Ne3 Bxe3 14. Bxe3 f5 15. c4 Bf7 16. Bxc6 bxc6 17. Qa4 f4 18. Bd2 Nc5 19. Qxc6 Nxd3 20. Reb1 Re8 21. Bc3 Re6 22. Qd5 Rd6 23. Qe4 Bg6 24. Qe2 e4 25. Ne1 Bf5 26. Nxd3 Rxd3 27. Rd1 Qg5 28. Rxd3 exd3 29. Qf3 Re8 30. Re1 Rxe1+ 31. Bxe1 a4 32. Bd2 Qg6 33. Bxf4 c6 34. Qe3 d2 35. Qxd2 Bxh3 36. Bg3 1/2-1/2

[Event "Aragon-chT Honor Titulo"]
[Site "Aragon"]
[Date "2023.03.18"]
[Round "8.9"]
[White "Hinojar Basa, Alfonso"]
[Black "Del Rey, Diego"]
[Result "1/2-1/2"]
[WhiteElo "2164"]
[BlackElo "2328"]
[PlyCount "66"]
[EventDate "2023.03.18"]
[EventType "team-tourn"]
[EventRounds "10"]
[EventCountry "ESP"]
[SourceTitle "EXT 2024"]
[Source "ChessBase"]
[SourceDate "2023.10.10"]
[SourceVersion "1"]
[SourceVersionDate "2023.10.10"]
[SourceQuality "1"]
[WhiteTeam "Marcos Frechin"]
[BlackTeam "El Olivar"]
[WhiteTeamCountry "ESP"]
[BlackTeamCountry "ESP"]

1. e4 c5 2. Nf3 d6 3. Bb5+ Nd7 4. a4 Ngf6 5. Nc3 a6 6. Be2 b6 7. d4 cxd4 8. Qxd4 e5 9. Qe3 Bb7 10. 0-0 Be7 11. Nd2 Qc7 12. Rd1 0-0 13. Nc4 Nc5 14. f3 Rad8 15. a5 b5 16. Nb6 Ne6 17. Qf2 b4 18. Ncd5 Nxd5 19. exd5 Nc5 20. Be3 f5 21. Bc4 Kh8 22. Qe1 f4 23. Bf2 e4 24. fxe4 Bf6 25. Rab1 Rfe8 26. Bd3 b3 27. cxb3 Nxb3 28. Qb4 Nc5 29. Rbc1 Nxd3 30. Rxc7 Nxb4 31. Rxb7 Rxe4 32. b3 Na2 33. Nc4 Nc3 1/2-1/2

[Event "Aragon-chT Honor Gr I"]
[Site "Aragon"]
[Date "2022.02.26"]
[Round "5.21"]
[White "Hinojar Basa, Alfonso"]
[Black "Orti Stock, Carlos"]
[Result "1-0"]
[WhiteElo "2125"]
[BlackElo "1803"]
[PlyCount "71"]
[EventDate "2022.01.29"]
[EventType "team-tourn"]
[EventRounds "7"]
[EventCountry "ESP"]
[SourceTitle "EXT 2024"]
[Source "ChessBase"]
[SourceDate "2023.10.10"]
[SourceVersion "1"]
[SourceVersionDate "2023.10.10"]
[SourceQuality "1"]
[WhiteTeam "Marcos Frechin"]
[BlackTeam "Utebo San Lamberto"]
[WhiteTeamCountry "ESP"]
[BlackTeamCountry "ESP"]

1. e4 e5 2. Nf3 Nc6 3. Bc4 Bc5 4. 0-0 Nf6 5. d3 d6 6. c3 0-0 7. h3 a5 8. Re1 Ba7 9. Nbd2 Bd7 10. Nf1 h6 11. Ng3 Ne7 12. d4 Ng6 13. Be3 a4 14. Qd2 b5 15. Bd3 c5 16. Rad1 Bb6 17. Bxh6 cxd4 18. Bg5 dxc3 19. bxc3 Kh7 20. Nf5 Bc5 21. Nh2 Rh8 22. Ng4 Kg8 23. Qe2 Nf4 24. Nxf6+ gxf6 25. Bxf4 Bxf5 26. exf5 exf4 27. Bxb5 Qb6 28. Bc4 Kg7 29. Qg4+ Kf8 30. Qxf4 Re8 31. Qf3 Rh4 32. Rxe8+ Kxe8 33. Qa8+ Kd7 34. Bxf7 Bxf2+ 35. Kh1 Qc7 36. Qe8# 1-0

[Event "Aragon-chT Honor Gr II"]
[Site "Aragon"]
[Date "2021.05.01"]
[Round "6.15"]
[White "Aranaz Murillo, Amalia"]
[Black "Hinojar Basa, Alfonso"]
[Result "1-0"]
[WhiteElo "2224"]
[BlackElo "2163"]
[PlyCount "109"]
[EventDate "2021.03.13"]
[EventType "team-tourn"]
[EventRounds "7"]
[EventCountry "ESP"]
[SourceTitle "EXT 2024"]
[Source "ChessBase"]
[SourceDate "2023.10.10"]
[SourceVersion "1"]
[SourceVersionDate "2023.10.10"]
[SourceQuality "1"]
[WhiteTeam "Palacio de Pioneros II"]
[BlackTeam "Marcos Frechin"]
[WhiteTeamCountry "ESP"]
[BlackTeamCountry "ESP"]

1. Nf3 Nf6 2. c4 e6 3. g3 d5 4. Bg2 Be7 5. 0-0 0-0 6. b3 d4 7. Bb2 c5 8. b4 a5 9. bxc5 Bxc5 10. d3 Nc6 11. Ba3 Qd6 12. Bxc5 Qxc5 13. Nbd2 e5 14. Rb1 Re8 15. Ng5 a4 16. Qc1 Ra5 17. Qb2 Qe7 18. Bxc6 bxc6 19. Qb4 Qxb4 20. Rxb4 c5 21. Rb5 Rxb5 22. cxb5 Nd5 23. Nge4 f5 24. Nxc5 Nc3 25. b6 Be6 26. Nxe6 Rxe6 27. Nc4 Re8 28. Kg2 e4 29. b7 Rb8 30. Nd6 g6 31. Rc1 Kf8 32. dxe4 fxe4 33. Nxe4 Rxb7 34. Nxc3 dxc3 35. Rxc3 Rb2 36. Ra3 Rxe2 37. Rxa4 Rc2 38. Ra7 Kg8 39. g4 Rd2 40. Kg3 Rd3+ 41. f3 Rd2 42. h4 Rc2 43. h5 gxh5 44. gxh5 Rc5 45. Kg4 Rc4+ 46. f4 Rc2 47. Kg5 Rc6 48. a4 Rd6 49. a5 Rc6 50. a6 Rb6 51. Ra8+ Kg7 52. h6+ Kf7 53. a7 Rg6+ 54. Kh5 Ra6 55. Rh8 1-0

[Event "Aragon-chT Honor Gr II"]
[Site "Aragon"]
[Date "2021.03.27"]
[Round "3.1"]
[White "Hinojar Basa, Alfonso"]
[Black "Adla, Diego Gustavo"]
[Result "1-0"]
[WhiteElo "2163"]
[BlackElo "2425"]
[PlyCount "57"]
[EventDate "2021.03.13"]
[EventType "team-tourn"]
[EventRounds "7"]
[EventCountry "ESP"]
[SourceTitle "EXT 2024"]
[Source "ChessBase"]
[SourceDate "2023.10.10"]
[SourceVersion "1"]
[SourceVersionDate "2023.10.10"]
[SourceQuality "1"]
[WhiteTeam "Marcos Frechin"]
[BlackTeam "Casablanca MyInvestor"]
[WhiteTeamCountry "ESP"]
[BlackTeamCountry "ESP"]

1. e4 e5 2. Nf3 Nc6 3. Bc4 Nf6 4. d3 Bc5 5. 0-0 0-0 6. h3 d6 7. c3 a5 8. Bg5 h6 9. Bh4 g5 10. d4 gxh4 11. dxc5 Nxe4 12. cxd6 cxd6 13. Nbd2 Bf5 14. Nxe4 Bxe4 15. Bd5 Bxd5 16. Qxd5 Ne7 17. Qe4 Ng6 18. Rad1 Qe7 19. Rfe1 Rad8 20. Qf5 Rfe8 21. Qh5 d5 22. Qxh6 Qf6 23. Re3 e4 24. Nd4 Re5 25. f3 Rg5 26. Re2 Qf4 27. Kh1 Rd6 28. Nb5 Rf6 29. Rxe4 1-0

[Event "Aragon-chT Honor Gr II"]
[Site "Aragon"]
[Date "2018.03.03"]
[Round "6.9"]
[White "Hinojar Basa, Alfonso"]
[Black "Lana Rodriguez, David"]
[Result "0-1"]
[WhiteElo "2199"]
[BlackElo "2275"]
[PlyCount "114"]
[EventDate "2018.01.27"]
[EventType "team-tourn"]
[EventRounds "7"]
[EventCountry "ESP"]
[SourceTitle "EXT 2019"]
[Source "ChessBase"]
[SourceDate "2018.10.10"]
[SourceVersion "1"]
[SourceVersionDate "2018.10.10"]
[SourceQuality "1"]
[WhiteTeam "Marcos Frechin"]
[BlackTeam "Agrupacion"]
[WhiteTeamCountry "ESP"]
[BlackTeamCountry "ESP"]

1. e4 e6 2. d4 d5 3. Nc3 Nf6 4. e5 Nfd7 5. Nce2 c5 6. c3 Nc6 7. Nf3 cxd4 8. cxd4 f6 9. exf6 Qxf6 10. Nc3 h6 11. Bd3 Bd6 12. 0-0 0-0 13. Bc2 Re8 14. a3 Re7 15. b4 Nf8 16. Be3 Bd7 17. Re1 Rc8 18. Ne2 Be8 19. Ng3 a5 20. b5 Nb8 21. Bd2 Bxb5 22. Bxa5 Be8 23. Bb4 Bxb4 24. axb4 Qf4 25. Ne5 Nc6 26. Ne2 Qf6 27. Nxc6 bxc6 28. Qd2 Rb8 29. Nc3 Reb7 30. Rab1 Qe7 31. b5 Qd6 32. bxc6 Rxb1 33. Rxb1 Rxb1+ 34. Bxb1 Qxc6 35. Bc2 Bg6 36. Bd1 Qa6 37. h3 Nd7 38. Bg4 Nf6 39. Qe3 Kf7 40. Ne2 h5 41. Bf3 Be4 42. Bxe4 Nxe4 43. f3 Nd6 44. g4 hxg4 45. hxg4 Nc4 46. Qf4+ Ke8 47. Kf2 Qb6 48. Kg3 Qd8 49. g5 Nd6 50. Kg4 Qd7 51. Qe5 Nc4 52. Qb8+ Kf7 53. Kh5 g6+ 54. Kh6 e5 55. Ng1 Nd6 56. dxe5 Nf5+ 57. Kh7 Ke6+ 0-1

[Event "Aragon-chT Honor Gr II"]
[Site "Aragon"]
[Date "2018.01.27"]
[Round "1.9"]
[White "Adla, Diego Gustavo"]
[Black "Hinojar Basa, Alfonso"]
[Result "1-0"]
[WhiteElo "2407"]
[BlackElo "2199"]
[PlyCount "47"]
[EventDate "2018.01.27"]
[EventType "team-tourn"]
[EventRounds "7"]
[EventCountry "ESP"]
[SourceTitle "EXT 2019"]
[Source "ChessBase"]
[SourceDate "2018.10.10"]
[SourceVersion "1"]
[SourceVersionDate "2018.10.10"]
[SourceQuality "1"]
[WhiteTeam "St Casablanca"]
[BlackTeam "Marcos Frechin"]
[WhiteTeamCountry "ESP"]
[BlackTeamCountry "ESP"]

1. Nf3 d5 2. c4 e6 3. b3 Nf6 4. Bb2 c5 5. g3 Nc6 6. Bg2 d4 7. 0-0 Be7 8. e3 e5 9. exd4 exd4 10. d3 0-0 11. Na3 Bg4 12. h3 Bh5 13. g4 Bg6 14. Nh4 h5 15. g5 Nd7 16. f4 Bxg5 17. Nxg6 fxg6 18. fxg5 Qxg5 19. Qe2 Nde5 20. Nb5 Nb4 21. Nc7 Rxf1+ 22. Rxf1 Rc8 23. Bc1 Qe7 24. Nd5 1-0

[Event "Aragon-chT Preferente A"]
[Site "Aragon"]
[Date "2016.02.20"]
[Round "4.41"]
[White "Antonano Fedz Quincoces, Avelino"]
[Black "Hinojar Basa, Alfonso"]
[Result "0-1"]
[WhiteElo "2006"]
[BlackElo "2196"]
[PlyCount "52"]
[EventDate "2016.01.30"]
[EventType "team-tourn"]
[EventRounds "9"]
[EventCountry "ESP"]
[SourceTitle "EXT 2018"]
[Source "ChessBase"]
[SourceDate "2017.10.13"]
[SourceVersion "1"]
[SourceVersionDate "2017.10.13"]
[SourceQuality "1"]
[WhiteTeam "St Casablanca IV"]
[BlackTeam "Marcos Frechin"]
[WhiteTeamCountry "ESP"]
[BlackTeamCountry "ESP"]

1. e4 e6 2. d4 d5 3. Nd2 Nf6 4. Bd3 c5 5. c3 Nc6 6. Ngf3 Qb6 7. 0-0 cxd4 8. cxd4 dxe4 9. Nxe4 Be7 10. a3 Bd7 11. Bc2 Nd5 12. Re1 h6 13. Bb3 0-0 14. Qd3 Na5 15. Bc2 Bb5 16. Qd1 Rac8 17. b4 Nc6 18. Nc5 Rfd8 19. Bb2 a5 20. a4 Ndxb4 21. axb5 Nxd4 22. Na4 Nxf3+ 23. Qxf3 Qxb5 24. Be4 Nd3 25. Qe2 Qb3 26. Ra3 Bxa3 0-1

[Event "Porto op"]
[Site "Porto"]
[Date "2015.07.19"]
[Round "9"]
[White "Hinojar Basa, Alfonso"]
[Black "Guimaraes, Ricardo Alves"]
[Result "1-0"]
[WhiteElo "2208"]
[BlackElo "2118"]
[PlyCount "55"]
[EventDate "2015.07.13"]
[EventType "swiss"]
[EventRounds "9"]
[EventCountry "POR"]
[SourceTitle "CBM 167 Extra"]
[Source "ChessBase"]
[SourceDate "2015.09.14"]
[SourceVersion "1"]
[SourceVersionDate "2015.09.14"]
[SourceQuality "1"]

1. e4 c5 2. Nf3 d6 3. d4 cxd4 4. Nxd4 Nf6 5. Nc3 a6 6. g3 g6 7. Bg2 Bg7 8. h3 0-0 9. 0-0 Nc6 10. Be3 Bd7 11. Qd2 Qa5 12. Rad1 Rfc8 13. f4 Nxd4 14. Bxd4 Rc4 15. e5 Nh5 16. g4 dxe5 17. fxe5 Rd8 18. Qf2 Rxd4 19. Rxd4 Ng3 20. Rd5 Bb5 21. Rxd8+ Qxd8 22. Rd1 Qxd1+ 23. Nxd1 Ne2+ 24. Kh1 Bxe5 25. Bxb7 Nf4 26. Qe3 f6 27. Nf2 h5 28. Nd3 1-0

[Event "Aragon-chT Preferente B"]
[Site "Aragon"]
[Date "2013.02.16"]
[Round "4.53"]
[White "Hinojar Basa, Alfonso"]
[Black "Cebrian Valverde, Jose Antonio"]
[Result "1-0"]
[WhiteElo "2199"]
[BlackElo "2129"]
[PlyCount "81"]
[EventDate "2013.01.26"]
[EventType "team"]
[EventRounds "9"]
[EventCountry "ESP"]
[SourceTitle "EXT 2014"]
[Source "ChessBase"]
[SourceDate "2013.11.20"]
[SourceVersion "1"]
[SourceVersionDate "2013.11.20"]
[SourceQuality "1"]
[WhiteTeam "Marcos Frechin"]
[BlackTeam "San Jose"]
[WhiteTeamCountry "ESP"]
[BlackTeamCountry "ESP"]

1. e4 e6 2. d4 d5 3. Nc3 Bb4 4. e5 Ne7 5. a3 Bxc3+ 6. bxc3 c5 7. Nf3 Qc7 8. h4 b6 9. h5 h6 10. Bb5+ Bd7 11. Bd3 Nbc6 12. Kf1 c4 13. Be2 0-0-0 14. a4 Kb7 15. Ba3 Nc8 16. Qc1 f6 17. Qe3 a5 18. g3 N6e7 19. Nh4 Rdf8 20. Ng6 Nxg6 21. hxg6 fxe5 22. Bxf8 Rxf8 23. dxe5 Ne7 24. f4 Nxg6 25. Kg2 Ne7 26. Rhb1 Bc6 27. Bf3 g5 28. Qc5 Rf7 29. Qxa5 d4 30. Qb5 Nd5 31. Bxd5 exd5 32. Qb4 dxc3 33. a5 b5 34. a6+ Ka8 35. Qc5 d4+ 36. Kg1 gxf4 37. a7 f3 38. Kf2 Rd7 39. Rh1 Rd5 40. Qf8+ Rd8 41. Qc5 1-0